| 000 | 00846nam a2200241 i 4500 | ||
|---|---|---|---|
| 001 | 31250 | ||
| 003 | ES-MaACL | ||
| 005 | 20230906154338.0 | ||
| 007 | t| | ||
| 008 | 150828s1978 mx ||||1| spa d | ||
| 020 | _a968-16-0023-1 | ||
| 100 | 1 |
_aHutchinson, R. W. _9157333 |
|
| 245 | 1 | 3 |
_aLa Creta prehistórica / _cpor R. W. Hutchinson ; [traducción de Teresa E. Rohde]. |
| 250 | _a[1ª ed. en español]. | ||
| 260 |
_aMéxico : _bFondo de Cultura Económica, _c1978. |
||
| 300 |
_a541 p., [32 p. de lám.] : _bil. ; _c17 cm. |
||
| 490 | 1 |
_aBreviarios del Fondo de Cultura Económica ; _v273 |
|
| 651 | 4 |
_aCreta- _xCivilización. _9146688 |
|
| 700 | 0 |
_aRohde, Teresa E. _998980 |
|
| 830 | 0 |
_aBreviarios del Fondo de Cultura Económica ; _v273 _9179682 |
|
| 852 |
_aES-MaACL _jL-30171 _z.- Donat. Miguel A. Velasco |
||
| 999 |
_c31250 _d31250 |
||